Social research in national development / (Record no. 36261)
[ view plain ]
| 000 -LEADER | |
|---|---|
| fixed length control field | 00954nam a22002651 4500 |
| 001 - CONTROL NUMBER | |
| control field | 36261 |
| 003 - CONTROL NUMBER IDENTIFIER | |
| rucl marc code | BD-RjUL |
| 005 - DATE AND TIME OF LATEST TRANSACTION | |
| control field | 20211209052448.0 |
| 008 - FIXED-LENGTH DATA ELEMENTS--GENERAL INFORMATION | |
| fixed length control field | 140618s1963 pk b f100 0 eng d |
| 035 ## - SYSTEM CONTROL NUMBER | |
| System control number | (BD-RjUL)36358 |
| 040 ## - CATALOGING SOURCE | |
| Original cataloging agency | DLC |
| Transcribing agency | DGU |
| Modifying agency | OCoLC |
| -- | DLC |
| -- | BD-RjUL |
| Language of cataloging | eng |
| 041 ## - LANGUAGE CODE | |
| Language code of text/sound track or separate title | eng |
| 082 00 - DEWEY DECIMAL CLASSIFICATION NUMBER | |
| Author mark and year | SOC 1963 |
| Classification number | 307.140151 |
| 111 2# - MAIN ENTRY--MEETING NAME | |
| Meeting name or jurisdiction name as entry element | Seminar on Social Research in National Development |
| Date of meeting | (1963 : |
| Location of meeting | Academy for Rural Development, Peshawar) |
| 9 (RLIN) | 110355 |
| 245 10 - TITLE STATEMENT | |
| Title | Social research in national development / |
| Statement of responsibility, etc. | Editor: M. A. Salam Ansari. |
| 260 ## - PUBLICATION, DISTRIBUTION, ETC. (IMPRINT) | |
| Place of publication, distribution, etc. | Peshawar : |
| Name of publisher, distributor, etc. | Pakistan Academy for Rural Development, |
| Date of publication, distribution, etc. | 1963. |
| 300 ## - PHYSICAL DESCRIPTION | |
| Pagination | ii, 407 p. ; |
| Size | 25 cm. |
| 500 ## - GENERAL NOTE | |
| General note | Seminar organized by the Academy for Rural Development, Peshawar. |
| 504 ## - BIBLIOGRAPHY, ETC. NOTE | |
| Bibliography, etc | Includes bibliographies. |
| 650 #0 - SUBJECT ADDED ENTRY--TOPICAL TERM | |
| Topical term or geographic name as entry element | Community development |
| General subdivision | Research. |
| 9 (RLIN) | 110356 |
| Topical term or geographic name as entry element | Social sciences |
| General subdivision | Research. |
| 9 (RLIN) | 110357 |
| 942 ## - ADDED ENTRY ELEMENTS (KOHA) | |
| Source of classification or shelving scheme | Dewey Decimal Classification |
| Koha item type | Books |
| Lost status | Source of classification or shelving scheme | Damaged status | Not for loan | Collection code | Permanent Location | Current Location | Shelving location | Date acquired | Total Checkouts | Full call number | Date last seen | Copy number | Koha item type | Source of acquisition | Cost, normal purchase price |
|---|---|---|---|---|---|---|---|---|---|---|---|---|---|---|---|
| Dewey Decimal Classification | Non-fiction | Central Library, University of Rajshahi | Central Library, University of Rajshahi | 18/06/2014 | 307.140151 SOC 1963 | 18/06/2014 | C-2 | Books | |||||||
| Dewey Decimal Classification | Non-fiction | Central Library, University of Rajshahi | Central Library, University of Rajshahi | 10/02/1955 | 307.140151 SOC 1963 | 18/10/2016 | C-3 | Books | r.u.sociology | 0.00 |